<?xml version="1.0" encoding="UTF-8"?>
<record
    xmlns:xsi="http://www.w3.org/2001/XMLSchema-instance"
    xsi:schemaLocation="http://www.loc.gov/MARC21/slim http://www.loc.gov/standards/marcxml/schema/MARC21slim.xsd"
    xmlns="http://www.loc.gov/MARC21/slim">

  <leader>04852nam a2200469Ia 4500</leader>
  <controlfield tag="001">dia_4898</controlfield>
  <controlfield tag="003">CHAP</controlfield>
  <controlfield tag="005">20240617172212.0</controlfield>
  <controlfield tag="007">ta</controlfield>
  <controlfield tag="008">220601s2019    mx abdofrm    001 0 spa d</controlfield>
  <datafield tag="040" ind1=" " ind2=" ">
    <subfield code="a">mxchpua</subfield>
    <subfield code="c">CHAP</subfield>
    <subfield code="e">rda</subfield>
  </datafield>
  <datafield tag="041" ind1="0" ind2=" ">
    <subfield code="a">spa</subfield>
    <subfield code="b">eng</subfield>
  </datafield>
  <datafield tag="090" ind1=" " ind2=" ">
    <subfield code="a">Tesis </subfield>
    <subfield code="b">M463 </subfield>
    <subfield code="c">2019</subfield>
  </datafield>
  <datafield tag="100" ind1="1" ind2=" ">
    <subfield code="a">Mendoza Gonz&#xE1;lez, Jos&#xED;as</subfield>
  </datafield>
  <datafield tag="245" ind1="1" ind2="0">
    <subfield code="a">Proceso de certificaci&#xF3;n de calidad e inocuidad bajo la Norma BRC versi&#xF3;n 6.0 de una planta procesadora de caf&#xE9; / </subfield>
    <subfield code="c">Jos&#xED;as Mendoza Gonz&#xE1;lez</subfield>
  </datafield>
  <datafield tag="264" ind1=" " ind2=" ">
    <subfield code="a">Chapingo, M&#xE9;xico :</subfield>
    <subfield code="b">El autor,</subfield>
    <subfield code="c">2019</subfield>
  </datafield>
  <datafield tag="300" ind1=" " ind2=" ">
    <subfield code="a">ix, 201 hojas :</subfield>
    <subfield code="b">ilustraciones, mapas, gr&#xE1;ficas, diagramas, tablas, fotos +</subfield>
    <subfield code="e">1 CD-ROM</subfield>
  </datafield>
  <datafield tag="336" ind1=" " ind2=" ">
    <subfield code="2">rdacontent</subfield>
    <subfield code="a">texto</subfield>
    <subfield code="b">txt</subfield>
  </datafield>
  <datafield tag="337" ind1=" " ind2=" ">
    <subfield code="2">rdamedia</subfield>
    <subfield code="a">no mediado</subfield>
    <subfield code="b">n</subfield>
  </datafield>
  <datafield tag="338" ind1=" " ind2=" ">
    <subfield code="2">rdacarrier</subfield>
    <subfield code="a">volumen</subfield>
    <subfield code="b">nc</subfield>
  </datafield>
  <datafield tag="500" ind1=" " ind2=" ">
    <subfield code="a">El CD contiene reporte</subfield>
  </datafield>
  <datafield tag="502" ind1=" " ind2=" ">
    <subfield code="a">Memoria de Experiencia Profesional</subfield>
    <subfield code="b">(Ingeniero Agroindustrial) -- </subfield>
    <subfield code="c">UACh. Departamento de Ingenier&#xED;a Agroindustrial, </subfield>
    <subfield code="d">2019</subfield>
  </datafield>
  <datafield tag="504" ind1=" " ind2=" ">
    <subfield code="a">Bibliograf&#xED;a: hoja 194-197</subfield>
  </datafield>
  <datafield tag="520" ind1="3" ind2=" ">
    <subfield code="a">Los Sistemas de Gesti&#xF3;n de Calidad han permitido a las empresas en los &#xFA;ltimos a&#xF1;os, mantener est&#xE1;ndares que han servido para competir en un mundo cada vez m&#xE1;s globalizado.Los Sistemas de Gesti&#xF3;n de Calidad (SGC) se emplean para disminuir costos en parte de la cadena productiva; capacitar al personal, satisfacer necesidades de consumidores, operar instalaciones de forma segura y eficiente, al hacer esto los empleados ser&#xE1;n m&#xE1;s productivos y tendr&#xE1;n menos accidentes. Sin embargo, en la industria alimentaria se agrega al SGC la gesti&#xF3;n de inocuidad, cuya implementaci&#xF3;n adecuada garantiza que los productos sean seguros y no causen da&#xF1;os a la salud del consumidor. Adem&#xE1;s, con este sistema, las empresas recibir&#xE1;n menos quejas, y tanto ellos como los consumidores se beneficiar&#xE1;n mutuamente.En el presente trabajo se realiz&#xF3; una recopilaci&#xF3;n de la forma en que se logr&#xF3; la certificaci&#xF3;n de la planta denominada General de Solubles S.A. (GESOL S.A.) La cual produce caf&#xE9; soluble y caf&#xE9; tostado y molido. Tambi&#xE9;n se resalta el proceso para obtener una certificaci&#xF3;n internacional en inocuidad alimentaria como lo es la norma global BRC versi&#xF3;n 6.0 (British Retail Consortium), la cual est&#xE1; reconocida por la GFSI (Global Food Safety Iniciative). Adem&#xE1;s, este documento se pretende que sirva como una gu&#xED;a para implementar la norma BRC en una industria alimentaria. En cada punto del cap&#xED;tulo 2, primero se describen los requisitos de la norma y despu&#xE9;s la forma en que la planta solventa dichos requerimientos. --</subfield>
  </datafield>
  <datafield tag="520" ind1="3" ind2=" ">
    <subfield code="a">Quality Management Systems have allowed companies in recent years, maintain standards that have served to compete in an increasingly globalized world. Quality Management Systems (QMS) are used to reduce costs in part of the production chain; train personnel, satisfy consumer needs, operate facilities in a safe and efficient way, by doing this, employees will be more productive and have fewer accidents. Likewise, consumers will have fewer complaints and both they and the producers will benefit mutually. However, in the food industry, safety management is added to the QMS, whose proper implementation guarantees that the products are safe and do not cause harm to the health of the consumer. In addition, with this system, companies will receive fewer complaints, and both they and consumers will benefit each other. In this work, a compilation of the way in which achieve the certification of the plant called General de Solubles S.A. (GESOL S.A.) which produces soluble coffee and roasted and ground coffee. The process to obtain an international certification in food safety is also highlighted, as is the global standard BRC version 6.0 (British Retail Consortium), which is recognized by the GFSI (Global Food Safety Initiative). In addition, this document is intended to serve as a guide to implement the BRC standard in a food industry. In each point of chapter 2, first the requirements of the standard are described and then the way in which the plant solves said requirements.</subfield>
  </datafield>
  <datafield tag="650" ind1="1" ind2="3">
    <subfield code="a">Caf&#xE9;</subfield>
    <subfield code="2">atg</subfield>
    <subfield code="x">Industria y comercio</subfield>
    <subfield code="z">M&#xE9;xico  </subfield>
  </datafield>
  <datafield tag="650" ind1="1" ind2="3">
    <subfield code="a">Caf&#xE9;</subfield>
    <subfield code="2">atg</subfield>
    <subfield code="x">Est&#xE1;ndares de calidad de un producto  </subfield>
  </datafield>
  <datafield tag="650" ind1="1" ind2="3">
    <subfield code="a">Coffee</subfield>
    <subfield code="2">atg</subfield>
    <subfield code="x">Industry and trade</subfield>
    <subfield code="z">Mexico  </subfield>
  </datafield>
  <datafield tag="650" ind1="1" ind2="3">
    <subfield code="a">Coffee</subfield>
    <subfield code="2">atg</subfield>
    <subfield code="x">Product quality standards</subfield>
  </datafield>
  <datafield tag="651" ind1="1" ind2="3">
    <subfield code="a">M&#xE9;xico</subfield>
    <subfield code="2">lcsh</subfield>
    <subfield code="x">Caf&#xE9;</subfield>
    <subfield code="z">Coahuila</subfield>
    <subfield code="z">Torre&#xF3;n</subfield>
  </datafield>
  <datafield tag="700" ind1="1" ind2=" ">
    <subfield code="a">Ascencio Rivera, J. Rogelio</subfield>
    <subfield code="e">director</subfield>
  </datafield>
  <datafield tag="700" ind1="1" ind2=" ">
    <subfield code="a">Reyna Izaguirre, Diana Am&#xE9;rica</subfield>
    <subfield code="e">asesora</subfield>
  </datafield>
  <datafield tag="700" ind1="1" ind2=" ">
    <subfield code="a">Szymanski Duque, Rosa Guadalupe</subfield>
    <subfield code="e">asesora</subfield>
  </datafield>
  <datafield tag="856" ind1="4" ind2="1">
    <subfield code="u">http://10.13.5.2/tesis/sist114318.pdf</subfield>
    <subfield code="y">DESCARGAR PDF</subfield>
  </datafield>
  <datafield tag="901" ind1=" " ind2=" ">
    <subfield code="a">TESIS M463 2019</subfield>
  </datafield>
  <datafield tag="902" ind1=" " ind2=" ">
    <subfield code="a">M</subfield>
  </datafield>
  <datafield tag="905" ind1=" " ind2=" ">
    <subfield code="a">5232272019                          MX DNML8223223322SPA16</subfield>
  </datafield>
  <datafield tag="942" ind1=" " ind2=" ">
    <subfield code="c">TESIS</subfield>
    <subfield code="2">Clasificaci&#xF3;n Universidad Aut&#xF3;noma Chapingo</subfield>
  </datafield>
  <datafield tag="999" ind1=" " ind2=" ">
    <subfield code="c">209555</subfield>
    <subfield code="d">209555</subfield>
  </datafield>
  <datafield tag="952" ind1=" " ind2=" ">
    <subfield code="0">0</subfield>
    <subfield code="1">0</subfield>
    <subfield code="2">local</subfield>
    <subfield code="4">0</subfield>
    <subfield code="5">1</subfield>
    <subfield code="7">0</subfield>
    <subfield code="8">TESIS</subfield>
    <subfield code="a">IA_</subfield>
    <subfield code="b">IA_</subfield>
    <subfield code="d">2022-06-01</subfield>
    <subfield code="e">El autor</subfield>
    <subfield code="l">0</subfield>
    <subfield code="o">TESIS M463 2019</subfield>
    <subfield code="p">1101013279</subfield>
    <subfield code="r">2022-06-01 00:00:00</subfield>
    <subfield code="t">Ej. 2</subfield>
    <subfield code="w">2022-06-01</subfield>
    <subfield code="y">CD</subfield>
  </datafield>
  <datafield tag="952" ind1=" " ind2=" ">
    <subfield code="0">0</subfield>
    <subfield code="1">0</subfield>
    <subfield code="2">local</subfield>
    <subfield code="4">0</subfield>
    <subfield code="5">1</subfield>
    <subfield code="7">0</subfield>
    <subfield code="8">TESIS</subfield>
    <subfield code="a">IA_</subfield>
    <subfield code="b">IA_</subfield>
    <subfield code="d">2022-06-01</subfield>
    <subfield code="e">El autor</subfield>
    <subfield code="l">0</subfield>
    <subfield code="o">TESIS M463 2019</subfield>
    <subfield code="p">1101013278</subfield>
    <subfield code="r">2026-02-02 00:00:00</subfield>
    <subfield code="t">Ej. 1</subfield>
    <subfield code="w">2022-06-01</subfield>
    <subfield code="y">TESIS</subfield>
  </datafield>
  <datafield tag="952" ind1=" " ind2=" ">
    <subfield code="0">0</subfield>
    <subfield code="1">0</subfield>
    <subfield code="2">local</subfield>
    <subfield code="4">0</subfield>
    <subfield code="5">1</subfield>
    <subfield code="7">0</subfield>
    <subfield code="8">TesDigL</subfield>
    <subfield code="a">IA_</subfield>
    <subfield code="b">IA_</subfield>
    <subfield code="c">E_L</subfield>
    <subfield code="d">2024-06-17</subfield>
    <subfield code="e">El autor</subfield>
    <subfield code="l">0</subfield>
    <subfield code="p">1201013278</subfield>
    <subfield code="r">2024-06-17 00:00:00</subfield>
    <subfield code="w">2024-06-17</subfield>
    <subfield code="y">TD</subfield>
  </datafield>
</record>
